Countries that Have Lost Population since 1970 - Statistics

General Stats
  • This quiz has been taken 43 times
  • The average score is 8 of 11
Answer Stats
Loss Loss in % Answer % Correct
1.31 m 6.38% Romania
92%
3.36 m 7.13% Ukraine
89%
1.56 m 18.3% Bulgaria
86%
318 k 7.19% Croatia
78%
11.7 k 0.17% Serbia
78%
480 k 12.8% Bosnia and Herzegovina
76%
492 k 20.7% Latvia
76%
706 k 6.81% Hungary
73%
414 k 13.2% Lithuania
73%
33.7 k 2.48% Estonia
70%
724 k 15.4% Georgia
57%
No matching quizzes found
Score Distribution
Percent of People with Each Score
Percentile by Number Answered
Your Score History
You have not taken this quiz